Bosnien und Herzegowina Geschichte A-Z - Statistiken

Allgemein
  • Dieses Quiz wurde 44 mal gespielt
  • Das Durchschnittsergebnis liegt bei 4 aus 24
Antwortstatistiken
Buchstabe Hinweis Antwort % Korrekt
B Ein großer Konflikt in den 1990er Jahren nach dem Zerfall Jugoslawiens. Bosnienkrieg
68%
S Die Hauptstadt von Bosnien und Herzegowina. Sarajevo
57%
M Eine Stadt, die berühmt für ihre alten türkischen Häuser und die Alte Brücke ist. Mostar
41%
O Das Reich, das Bosnien und Herzegowina über Jahrhunderte kontrollierte. Osmanisches Reich
27%
T Welcher Vertrag, der 1995 unterzeichnet wurde, beendete den Bosnienkrieg und legte die Grenzen von Bosnien und Herzegowina fest? Der Vertrag von Dayton
24%
C Welche wichtige historische Region, die mit „C“ beginnt, war ein bedeutendes Zentrum während der osmanischen Herrschaft in Bosnien und Herzegowina? Cazin
22%
F Der Führer Kroatiens während des Bosnienkriegs. Franjo Tuđman
19%
Z Der nächstgrößte Krieg nach dem Ersten Weltkrieg. Zweiter Weltkrieg
19%
A Welcher berühmte Führer aus Bosnien war eine wichtige Figur im Widerstand gegen die Osmanen? Ali Baba
16%
I Die einzige Person aus Bosnien und Herzegowina, die den Nobelpreis gewonnen hat. Ivo Andrić
14%
U Eine kroatische, faschistische und ultranationalistische Organisation. Ustascha
14%
J Eine Touristenstadt, die berühmt für ihre türkischen Holz-Wassermühlen an den Stromschnellen des Pliva-Flusses ist. Jugoslawien
11%
K Ein mittelalterliches Königreich, das fast ein Jahrhundert lang bestand, von 1377 bis 1463. Königreich Bosnien
8%
H Ein Aufstand, der von der christlichen serbischen Bevölkerung gegen das Osmanische Reich geführt wurde, zunächst und überwiegend in Herzegowina (daher der Name), von wo aus er sich nach Bosnien und Raška ausbreitete. Herzegowina-Aufstand
5%
R Der offizielle Name des 1992 erklärten Landes. Republik Bosnien und Herzegowina
5%
V Eine autonome Provinz, die den nordwestlichsten Teil Serbiens einnimmt. Vojvodina
5%
N Welcher historische Ort in Bosnien und Herzegowina war im Mittelalter ein bedeutendes Zentrum der Kultur und Religion? Neum
3%
W Welches Ereignis führte zu den politischen Spannungen und dem Beginn des Bosnienkriegs in den 1990er Jahren? (Der) Wiederaufbau Jugoslawiens
0%
D Eine bedeutende orthodoxe Kathedrale und ein wichtiger kultureller und historischer Wahrzeichen in Sarajevo. Dom des Heiligen Sava
0%
E Eine einflussreiche osmanische Figur, die Bosnien regierte. Enver Pascha
0%
G Osmanischer bosnischer Sanjak-Bey (Gouverneur) des Sanjaks von Bosnien in den Jahren 1521–1525, 1526–1534 und 1536–1541. Gazi-Husrev-Beg
0%
Q Die letzte Königin des mittelalterlichen Königreichs Bosnien. Katarina Kosača
0%
L Der König von Ungarn und Kroatien zwischen 1162 und 1163. Ladislaus II
0%
P Die Hauptorganisationsform der sowjetischen Partisaneneinheiten während des Zweiten Weltkriegs. Partisanenbrigade
0%
Keine übereinstimmenden Quizze gefunden
Verteilung der Resultate
Anzahl Personen mit jedem Resultat
Perzentil nach korrekt beantworteten Fragen
Ihre Resultats-Entwicklung
Sie haben dieses Quiz noch nicht gespielt